| 000 | 00922aab a2200193 i 4500 | ||
|---|---|---|---|
| 001 | 768714001 | ||
| 003 | CO-MdFUSB | ||
| 005 | 20240423144227.0 | ||
| 008 | 240423t2000 ag ||||| |||| 00| 0 spa d | ||
| 040 |
_bspa _cCO-MdFUSB |
||
| 041 | _aspa | ||
| 100 | 1 |
_aRey, Víctor _eautor |
|
| 245 | 1 | 0 |
_aEntrevista a Ricardo Lagos : _bel pluralismo religioso y la ley de cultos en Chile _c/ Víctor Rey |
| 300 |
_aVolumen 19, número 1 y 2 (enero - junio, 2000), páginas: 67 - 68 _c; 27 cm |
||
| 520 | _aEntrevista que fue concedida por Ricardo Lagos, Presidente de Chile, a Víctor Rey, del Departamento de Comunicaciones del CLAI, en una reunión que se realizó en septiembre del año pasado a invitación de la Coordinadora de Organización Evangélicas. | ||
| 653 | _aEntrevista | ||
| 773 | 0 |
_tIglesia y Misión _049402 _959629 _gVolumen 19, número 1 y 2 (enero - junio, 2000), páginas: 67 - 68 _q páginas: 67 |
|
| 942 | _cANA | ||
| 999 |
_c52442 _d52442 |
||